000 00377nam a22001337a 4500
008 160803b xxu||||| |||| 00| 0 eng d
020 _a9780312058173
050 _aPS3551.P558A97 1991
100 _aAppiah, Anthony
_912440
245 _aAvenging angel
_c/ Anthony Appiah
260 _aNew York
_bSt. Martin's Press
_c1991
300 _a207p. ;
_c21cm.
942 _2lcc
_cMONOGRAPH
999 _c124842
_d124842